Literature

Elmentve itt :
Bibliográfiai részletek
Szerző: Kiss Tamás
Dokumentumtípus: Könyv része
Megjelent: 2006
Sorozat:Szemtanú : fiatalok, mint a történelem szereplői
Association of Hungarian University and College Students 1956 - Szeged
Kulcsszavak:Forradalom - Magyarország - 1956 - regionális - forrás, Szeged - forradalom - 1956 - forrás
Tárgyszavak:
Online Access:http://acta.bibl.u-szeged.hu/67646
LEADER 00839naa a2200217 i 4500
001 acta67646
005 20220204105938.0
008 200504s2006 hu o 0|| eng d
022 |a 1587-2963 
040 |a SZTE Egyetemi Kiadványok Repozitórium  |b hun 
041 |a eng 
100 1 |a Kiss Tamás 
245 1 0 |a Literature  |h [elektronikus dokumentum] /  |c  Kiss Tamás 
260 |c 2006 
300 |a 167-215 
490 0 |a Szemtanú : fiatalok, mint a történelem szereplői 
490 0 |a Association of Hungarian University and College Students 1956 - Szeged 
650 4 |a Bölcsészettudományok 
650 4 |a Történettudomány és régészet 
695 |a Forradalom - Magyarország - 1956 - regionális - forrás, Szeged - forradalom - 1956 - forrás 
856 4 0 |u http://acta.bibl.u-szeged.hu/67646/1/szemtanu_eng_167-215.pdf  |z Dokumentum-elérés